=LDR 00000nam 2200000 4500 =001 INLIS000000000039863 =005 20130612145451 =008 ***********************************Ind** =035 ##$$0010-061300000039863 =041 ##$$a Ind =082 ##$$a 909 =090 ##$$a 909, Sej s =100 ##$$a Padmawati,Lili Sri =245 ##$$a Sejarah dan peristiwa penting di dunia, Lili Sri Padmawati =260 ##$$a 2010 $b Jakarta =300 ##$$a 288 hlm, Ilus, 27 cm =850 ##$$a NBPNMAT =990 ##$$a 21107512 =990 ##$$a 21107514 =990 ##$$a 21107513